Normal view
MARC view
Entry Personal Name
001 - CONTROL NUMBER
- control field: 57672
003 - CONTROL NUMBER IDENTIFIER
- control field: MY-SjTCS
005 - DATE AND TIME OF LATEST TRANSACTION
- control field: 20191205134554.0
008 - FIXED-LENGTH DATA ELEMENTS
- fixed length control field: 120211 | aca||abb| n aaa d
039 #9 -
- : 201202111150
- : wilmina
040 ## - CATALOGING SOURCE
- Original cataloging agency: MY-SjTCS
- Transcribing agency: MY-SjTCS
100 1# - HEADING--PERSONAL NAME
- Personal name: Wee, Lionel,
- Dates associated with a name: 1963-
400 1# - SEE FROM TRACING--PERSONAL NAME
- Personal name: Ann, Lionel Wee Hock,
- Dates associated with a name: 1963-
400 1# - SEE FROM TRACING--PERSONAL NAME
- Personal name: Hock Ann, Lionel Wee,
- Dates associated with a name: 1963-
400 1# - SEE FROM TRACING--PERSONAL NAME
- Personal name: Wee Hock Ann, Lionel,
- Dates associated with a name: 1963-
999 ## -
- : VIRTUA40 x
999 ## -
- : VTLSSORT0080*1000*4000*4001*4002*9991